000 00519nam a2200169Ia 4500
008 100122s9999 xx 000 0 und d
082 _b41311
_a520
100 _aपरांजपे सुरेश
245 _aआकाश दैनंदिनी
250 _a1
260 _bपृथ्वी प्रकाशन
_c1987
300 _a63
630 _aआकाश दैनंदिनी
700 _aमोने हेमंत
730 _aआकाश दैनंदिनी
942 _cBOOK
999 _c421969
_d421966